Shakespeare with hearing aids : some old-timers revisit the bard /

Weber recounts his experiences with a group of retirees who participated in his class Shakespeare, Just for Fun! Seniors Sharing Shakespeare at Milwaukee Catholic Home and San Camillo in Milwaukee, Wisconsin.

Bibliographic Details
Main Author: Weber, Nick (Author)
Format: Book
Language:English
Published: Indianapolis, IN : Dog Ear Publishing, [2014]
Subjects:

MARC

Tag First Indicator Second Indicator Subfields
LEADER 00000cam a2200000Ii 4500
001 in00003499310
005 20150401165254.0
008 140918t20142014inua 001 0 eng d
035 |a (OCoLC)ocn890808457 
040 |a GZD  |b eng  |e rda  |c GZD  |d GZD  |d TXA 
020 |a 9781457530364 
020 |a 1457530368 
035 |a (OCoLC)890808457 
043 |a n-us-wi 
092 |a 822.33 
090 |a PR2987  |b .W43 2014 
049 |a TXAM 
100 1 |a Weber, Nick,  |e author. 
245 1 0 |a Shakespeare with hearing aids :  |b some old-timers revisit the bard /  |c Nick Weber. 
264 1 |a Indianapolis, IN :  |b Dog Ear Publishing,  |c [2014] 
264 4 |c ©2014 
300 |a x, 191 pages :  |b illustrations ;  |c 23 cm 
336 |a text  |b txt  |2 rdacontent 
337 |a unmediated  |b n  |2 rdamedia 
338 |a volume  |b nc  |2 rdacarrier 
500 |a Includes index. 
520 |a Weber recounts his experiences with a group of retirees who participated in his class Shakespeare, Just for Fun! Seniors Sharing Shakespeare at Milwaukee Catholic Home and San Camillo in Milwaukee, Wisconsin. 
600 1 0 |a Shakespeare, William,  |d 1564-1616  |x Study and teaching  |z Wisconsin  |z Milwaukee. 
600 1 0 |a Shakespeare, William,  |d 1564-1616  |x Appreciation  |z Wisconsin  |z Milwaukee. 
650 0 |a Theater and older people  |z Wisconsin  |z Milwaukee. 
650 0 |a Older people  |x Books and reading  |z Wisconsin  |z Milwaukee. 
994 |a C0  |b TXA 
948 |a cataloged  |b h  |c 2015/4/1  |d c  |e nbehmer  |f 4:51:56 pm 
999 f f |s 5ee6a17d-cc39-3fe9-81ef-c2a44cd55757  |i 60b3a591-4e6c-345e-99c5-ba0801b13578  |t 0 
952 f f |p normal  |a Texas A&M University  |b College Station  |c Sterling C. Evans Library  |d Evans: Library Stacks  |t 0  |e PR2987 .W43 2014  |h Library of Congress classification  |i unmediated -- volume  |m A14843046146 
998 f f |a PR2987 .W43 2014  |t 0  |l Evans: Library Stacks